Aktuálne otázky manažérskej funkcie kontrolovanie s ohľadom na globálnu hospodársku krízu
Kontrolovanie a hospodárska kríza. Nástroje kontrolovania: interný audit, kontroling a ďalšie nástroje. Predmet kontroly. Vplyv hospodárskej krízy na manažérsku funkciu kontrolovanie v teoretickej rovine. Preventívna funkcia kontroly.
Salvato in:
| Autore principale: | |
|---|---|
| Natura: | Capitolo di libro |
| Lingua: | slovacco |
| Soggetti: | |
| Tags: |
Nessun Tag, puoi essere il primo ad aggiungerne!!
|
MARC
| LEADER | 00000nla a2200000 4500 | ||
|---|---|---|---|
| 001 | 0242940 | ||
| 005 | 20240502083651.8 | ||
| 041 | 0 | |a slo | |
| 044 | |a CZ | ||
| 245 | 1 | 0 | |a Aktuálne otázky manažérskej funkcie kontrolovanie s ohľadom na globálnu hospodársku krízu |c Nadežda Jankelová |
| 520 | |a Kontrolovanie a hospodárska kríza. Nástroje kontrolovania: interný audit, kontroling a ďalšie nástroje. Predmet kontroly. Vplyv hospodárskej krízy na manažérsku funkciu kontrolovanie v teoretickej rovine. Preventívna funkcia kontroly. | ||
| 610 | 2 | 0 | |a kontrola |
| 610 | 2 | 0 | |a kontrola finančná |
| 610 | 2 | 0 | |a financie |
| 610 | 2 | 0 | |a zdroje ľudské |
| 610 | 2 | 0 | |a audit interný |
| 610 | 2 | 0 | |a kontroling |
| 610 | 2 | 0 | |a podnik |
| 610 | 2 | 0 | |a riadenie |
| 610 | 2 | 0 | |a kríza hospodárska |
| 100 | 1 | |a Jankelová, Nadežda, 1966- | |